00935 2200373 4500001002100000005001500021035002000036007000300056008004100059020002200100082000800122084001900130100001700149245008300166260002400249990001600273990001600289990001600305990001600321990001600337990001600353990001600369990001600385990001600401990001600417990001600433990001600449990001600465990001600481990001600497990001600513990001600529990001600545INLIS00000000000007420210619120242 a0010-0421000074ta210619 g 0 ind  a978-602-298-772-7 a574 a574 IRN b c.180 aIrnaningtyas1 aBiologi untuk SMA/MA Kelas X Kelompok Peminatan, Matematika dan Ilmu-Ilmu Alam aJakarta :bErlangga a2017/p/0136 a2017/p/0137 a2017/p/0138 a2017/p/0139 a2017/p/0140 a2017/p/0141 a2017/p/0142 a2017/p/0143 a2017/p/0144 a2017/p/0145 a2017/p/0146 a2017/p/0147 a2017/p/0148 a2017/p/0149 a2017/p/0150 a2017/p/0151 a2017/p/0135 a2017/p/0152